Southville International School and Colleges
Your cart is empty.
  • Cart
  • Lists
    Public lists list_1 View all
    Your lists Log in to create your own lists
  • Log in to your account
  • Your cookies
  • Search history
Southville International School and Colleges
  • Advanced search
  • Recent comments
  • Most popular
  • Libraries

Log in to your account

Log in with GOOGLE


If you do not have an external account, but do have a local account, you can still log in:

  1. Home
  2. MARC view: Events management handbook /
Normal view MARC view ISBD view

Events management handbook / (Record no. 115727)

[ view plain ]
MARC details
000 -LEADER
fixed length control field 00540nam a2200193Ia 4500
008 - FIXED-LENGTH DATA ELEMENTS--GENERAL INFORMATION
fixed length control field 140429s9999 xx 000 0 und d
020 ## - INTERNATIONAL STANDARD BOOK NUMBER
International Standard Book Number 9789712354175
050 ## - LIBRARY OF CONGRESS CALL NUMBER
Classification number GT 3405
Item number .R768 2009
100 ## - MAIN ENTRY--PERSONAL NAME
Personal name Romeo, Eloisa A.
245 ## - TITLE STATEMENT
Title Events management handbook /
Statement of responsibility, etc Eloisa A. Romeo.
260 ## - PUBLICATION, DISTRIBUTION, ETC. (IMPRINT)
Place of publication, distribution, etc Manila :
Name of publisher, distributor, etc Rex Book Store,
Date of publication, distribution, etc c2009.
300 ## - PHYSICAL DESCRIPTION
Extent 86 p. :
Dimensions 25 cm.
500 ## - GENERAL NOTE
General note Includes index.
521 ## - TARGET AUDIENCE NOTE
Target audience note
650 ## - SUBJECT ADDED ENTRY--TOPICAL TERM
Topical term or geographic name as entry element Special events
General subdivision Management.
650 ## - SUBJECT ADDED ENTRY--TOPICAL TERM
Topical term or geographic name as entry element Special events
General subdivision Planning.
942 ## - ADDED ENTRY ELEMENTS (KOHA)
Call number prefix Foreign
Koha item type Books
Holdings
Withdrawn status Lost status Source of classification or shelving scheme Damaged status Home library Current library Shelving location Date acquired Source of acquisition Cost, normal purchase price Total Checkouts Full call number Barcode Date last seen Price effective from Koha item type
    Library of Congress Classification   College Library College Library Filipiniana Section 04/29/2014 Library Fund 176.00   GT 3405 .R768 2009 C16882 05/08/2018 04/29/2014 Books

Events management handbook /

APA

Romeo E. A., . (2009). Events management handbook. Manila: Rex Book Store.

Chicago

Romeo Eloisa A, . 2009. Events management handbook. Manila: Rex Book Store.

Harvard

Romeo E. A., . (2009). Events management handbook. Manila: Rex Book Store.

MLA

Romeo Eloisa A, . Events management handbook. Manila: Rex Book Store. 2009.

  • Place hold
  • Print
  • Cite
  • Add to your cart (remove)
  • Save record
    BIBTEX Dublin Core MARCXML MARC (non-Unicode/MARC-8) MARC (Unicode/UTF-8) MARC (Unicode/UTF-8, Standard) MODS (XML) RIS
  • More searches
    Search for this title in:
    Other Libraries (WorldCat) Other Databases (Google Scholar) Online Stores (Bookfinder.com) Open Library (openlibrary.org)

Exporting to Dublin Core...

SOUTHVILLE LIBRARY

Southville International School and Colleges Library

1281 Tropical Ave. Cor. Luxembourg St., BF Homes International, Las Pinas City

Tel. No. 8256374 / 252358 Loc. 117/146

Powered by Koha